000 00488cam a22001457a 4500
008 180718b1983 xxu||||| |||| 00| 0 eng d
082 _aAPPPA 82-83 KHA
100 _aKhamitkar, N.N.
245 _aMaterials management in governance and public sector undertakings: a thesis
_cby N.N. Khamitkar
260 _aNew Delhi
_bIndian Institute of Public Administration
_c1983
300 _a162p.
650 _aPublic sector undertakings
650 _aGovernance
650 _aMaterials management
999 _c501290
_d501290